| 000 | 00840cam a2200277 i 4500 | ||
|---|---|---|---|
| 001 | 54751 | ||
| 003 | Mx-PuUPA | ||
| 005 | 20220510091208.0 | ||
| 008 | 140415s2006 sp r 000 0 spa d | ||
| 020 | _a8441321884 | ||
| 040 |
_erda _cMx-PuUPA _dMx-PuUPA _bspa _aMx-PuUPA |
||
| 041 | 0 | _aspa | |
| 100 | 0 |
_aLaozi, _eautor _94744 |
|
| 245 | 1 | 0 |
_aTao te ching / _cLao Tsé. |
| 264 | 1 |
_aBarcelona : _bEdiciones Folio, _c©2006 |
|
| 300 |
_a56 páginas ; _c19 cm. |
||
| 336 |
_atexto _2rdacontent _btxt |
||
| 337 |
_asin medio _2rdamedia _bn |
||
| 338 |
_avolumen _2rdacarrier _bnc |
||
| 490 | 0 | _aColección Grandes ! Ideas | |
| 500 | _aColección dirigida por Joan-Carles Melich | ||
| 650 | 7 |
_aFilosofía Oriental _xEspiritualidad _2armarc |
|
| 942 |
_h109 _iL298 _cLI _2ddc |
||
| 999 |
_c54751 _d54751 |
||